[Event "Bronshoj Lang Weekend 2013"]
[Site "Bronshoj"]
[Date "2013.02.11"]
[Round "6"]
[White "Stolberg Rohr, Thomine"]
[Black "Petersen, Peter Birk"]
[Result "0-1"]
[WhiteElo "2025"]
[BlackElo "2121"]
[PlyCount "112"]
[EventDate "2013.??.??"]
[EventType "swiss"]
[EventRounds "7"]
[EventCountry "DEN"]

1. e4 c5 2. Nc3 Nc6 3. f4 g6 4. Nf3 Bg7 5. Bb5 d6 6. Bxc6+ bxc6 7. d3 Nf6 8.
O-O O-O 9. e5 Nd7 10. Qe1 Nb6 11. b3 Bg4 12. Kh1 Qc7 13. Bb2 Bxf3 14. Rxf3 dxe5
15. fxe5 Bxe5 16. Nb5 cxb5 17. Bxe5 Qd7 18. Qh4 f6 19. Bb2 Rad8 20. Re1 Nc8 21.
Qg3 Nd6 22. Ref1 Nf7 23. h4 Qd6 24. Qf2 Ne5 25. Rg3 Nc6 26. h5 g5 27. Re1 Nd4
28. Rg4 e5 29. Bc1 Qd7 30. Qg3 h6 31. c3 Nf5 32. Qf2 Qxd3 33. Qxc5 Ng3+ 34. Kh2
Nxh5 35. Ba3 f5 36. Qxe5 fxg4 37. Bxf8 g3+ 38. Kh1 Rxf8 39. Qe6+ Kg7 40. Qe5+
Rf6 41. c4 bxc4 42. bxc4 Qxc4 43. Rb1 Qc6 44. Qb8 Rf7 45. Rd1 Nf4 46. Qb2+ Kh7
47. Rd8 Qf6 48. Qb1+ Kg7 49. Rd2 h5 50. Qd1 h4 51. Rd6 Qb2 52. Rd2 Qe5 53. a4
h3 54. Qc1 hxg2+ 55. Kg1 Qe3+ 56. Rf2 Qxf2# 0-1

[Event "Bronshoj Lang Weekend 2013"]
[Site "Bronshoj"]
[Date "2013.02.11"]
[Round "6"]
[White "Nohr, Finn"]
[Black "Kyrkjebo, Hanna Bakken"]
[Result "1-0"]
[WhiteElo "2054"]
[BlackElo "1543"]
[PlyCount "47"]
[EventDate "2013.??.??"]
[EventType "swiss"]
[EventRounds "7"]
[EventCountry "DEN"]

1. e4 e5 2. Nf3 Nc6 3. Bb5 a6 4. Ba4 Nf6 5. O-O b5 6. Bb3 Be7 7. d3 d6 8. c3
O-O 9. Re1 Nb8 10. a4 Bb7 11. axb5 axb5 12. Rxa8 Bxa8 13. Na3 c6 14. Nc2 Nbd7
15. Ne3 Nc5 16. Bc2 Re8 17. Nf5 Bf8 18. Bg5 Ne6 19. Bd2 c5 20. Ng5 Qc7 21. Qf3
d5 22. Qg3 dxe4 23. Nh6+ Kh8 24. Ngxf7+ 1-0

[Event "Bronshoj Lang Weekend 2013"]
[Site "Bronshoj"]
[Date "2013.02.11"]
[Round "6"]
[White "Ulrich, Thomas"]
[Black "Eddy, Samuel"]
[Result "0-1"]
[WhiteElo "2060"]
[BlackElo "2009"]
[PlyCount "54"]
[EventDate "2013.??.??"]
[EventType "swiss"]
[EventRounds "7"]
[EventCountry "DEN"]

1. e4 g6 2. d4 Bg7 3. Nc3 d6 4. Be3 a6 5. h3 b5 6. Nf3 Bb7 7. Bd3 Nd7 8. Ne2
Ngf6 9. Ng3 O-O 10. c3 c5 11. O-O cxd4 12. cxd4 Rc8 13. Qb3 Nb6 14. Rac1 Rxc1
15. Rxc1 Qa8 16. d5 Nfd7 17. Qb4 Rc8 18. Rxc8+ Qxc8 19. Ne2 Nc5 20. Qd2 Nc4 21.
Bxc4 Nxe4 22. Qa5 Qxc4 23. Nfd4 h6 24. f3 Qd3 25. Qd8+ Kh7 26. Qxe7 Qxe3+ 27.
Kh1 Nf2+ 0-1

[Event "Bronshoj Lang Weekend 2013"]
[Site "Bronshoj"]
[Date "2013.02.11"]
[Round "6"]
[White "Nielsen, Henning"]
[Black "Yssing, Klaus"]
[Result "0-1"]
[WhiteElo "2129"]
[BlackElo "1914"]
[PlyCount "94"]
[EventDate "2013.??.??"]
[EventType "swiss"]
[EventRounds "7"]
[EventCountry "DEN"]

1. e4 e6 2. d4 d5 3. Nc3 Bb4 4. e5 c5 5. a3 cxd4 6. axb4 dxc3 7. bxc3 Qc7 8.
Nf3 Nc6 9. Bf4 Nge7 10. Bg3 Ng6 11. Bb5 Bd7 12. O-O Nce7 13. Bxd7+ Qxd7 14. Nd4
O-O 15. Ra3 Nc6 16. Qe2 Rfc8 17. h4 Nxd4 18. cxd4 Rc4 19. c3 a6 20. h5 Ne7 21.
Bf4 Rac8 22. Bd2 Nc6 23. Qf3 Qe7 24. Ra2 Na7 25. Rb2 Nb5 26. Rb3 f5 27. exf6
Qxf6 28. Qg3 Qf5 29. h6 Qg6 30. Qh3 Nd6 31. hxg7 Ne4 32. Be1 R8c7 33. f4 Qf5
34. Qxf5 exf5 35. b5 a5 36. b6 Rxg7 37. Rb5 Rd7 38. Rxa5 Nxc3 39. Rc5 Ne2+ 40.
Kf2 Nxd4 41. Rxc4 dxc4 42. Bc3 Nb5 43. Be5 Rd2+ 44. Kf3 c3 45. Ra1 c2 46. Ra8+
Kf7 47. Rc8 Rd3+ 0-1

[Event "Bronshoj Lang Weekend 2013"]
[Site "Bronshoj"]
[Date "2013.02.11"]
[Round "6"]
[White "Jacobsen, Mads Holger Bang"]
[Black "Christiansen, Johan Sebastian"]
[Result "1/2-1/2"]
[WhiteElo "2007"]
[BlackElo "2071"]
[PlyCount "187"]
[EventDate "2013.??.??"]
[EventType "swiss"]
[EventRounds "7"]
[EventCountry "DEN"]

1. c4 Nf6 2. g3 c5 3. Bg2 d5 4. cxd5 Nxd5 5. Nc3 Nc7 6. Nf3 Nc6 7. O-O e5 8.
Ne1 Bd7 9. b3 Be7 10. Nd3 f6 11. f4 exf4 12. Nxf4 O-O 13. e3 Bd6 14. Ncd5 Be5
15. Rb1 Nxd5 16. Bxd5+ Kh8 17. Qc2 Bh3 18. Nxh3 Qxd5 19. Nf4 Bxf4 20. Rxf4 Rad8
21. Qc4 Ne5 22. Qxd5 Rxd5 23. Bb2 Nd3 24. Ra4 a6 25. Bc3 Rfd8 26. a3 Ne5 27.
Rf1 R8d6 28. Re4 h6 29. d4 Nc6 30. dxc5 Rxc5 31. Bb4 Nxb4 32. Rxb4 b5 33. Rd4
Re6 34. Rd3 Rc2 35. Rf2 Rc1+ 36. Rf1 Rec6 37. Rxc1 Rxc1+ 38. Kf2 Rc2+ 39. Kf3
Rxh2 40. Rd6 a5 41. Rd5 Ra2 42. Rxb5 Rxa3 43. b4 Rb3 44. Rxa5 Rxb4 45. Ra8+ Kh7
46. Ra7 Kg6 47. Rc7 h5 48. Ra7 Rb1 49. Rc7 Rf1+ 50. Ke2 Rf5 51. Rb7 Kh6 52. Rb6
Kg5 53. Rb4 Ra5 54. Kf3 Re5 55. Rb7 g6 56. Rg7 Kf5 57. Rh7 Ra5 58. Rb7 g5 59.
e4+ Ke5 60. Re7+ Kd6 61. Rh7 Ra3+ 62. Kf2 Ke5 63. Re7+ Kd4 64. Re6 Ra2+ 65. Kg1
Ke3 66. Rxf6 Kxe4 67. Rf8 Ke5 68. Rf7 Ke6 69. Rf8 Rb2 70. Rf3 Rb7 71. Kg2 Rf7
72. Ra3 Kf5 73. Ra5+ Kg6 74. Ra6+ Rf6 75. Ra5 Rb6 76. Ra2 Rb4 77. Ra5 h4 78.
gxh4 Rxh4 79. Kg3 Rb4 80. Rc5 Kh5 81. Rc3 Rb1 82. Rd3 Rg1+ 83. Kf2 Rg4 84. Rd8
Ra4 85. Kg3 Ra3+ 86. Kg2 Kh4 87. Rd2 g4 88. Rb2 Rg3+ 89. Kh2 Rh3+ 90. Kg2 Ra3
91. Rc2 Rg3+ 92. Kh2 Rf3 93. Kg2 Rg3+ 94. Kh2 1/2-1/2

[Event "Bronshoj Lang Weekend 2013"]
[Site "Bronshoj"]
[Date "2013.02.11"]
[Round "7"]
[White "Pedersen, Nicolai Vesterbaek"]
[Black "Semcesen, Daniel"]
[Result "1/2-1/2"]
[WhiteElo "2440"]
[BlackElo "2479"]
[PlyCount "41"]
[EventDate "2013.??.??"]
[EventType "swiss"]
[EventRounds "7"]
[EventCountry "DEN"]

1. e4 e5 2. Nf3 Nc6 3. Bb5 a6 4. Ba4 Nf6 5. O-O Be7 6. Re1 b5 7. Bb3 d6 8. c3
O-O 9. d4 Bg4 10. d5 Na5 11. Bc2 Qc8 12. h3 Bd7 13. Nbd2 c6 14. dxc6 Qxc6 15.
Nh4 g6 16. Nf1 Nc4 17. b3 Nb6 18. Re3 Kh8 19. Ba3 Rae8 20. Ng3 d5 21. Bxe7
1/2-1/2

[Event "Bronshoj Lang Weekend 2013"]
[Site "Bronshoj"]
[Date "2013.02.11"]
[Round "7"]
[White "Christiansen, Johan Sebastian"]
[Black "Stojanovski, Sandi"]
[Result "1/2-1/2"]
[WhiteElo "2071"]
[BlackElo "2230"]
[PlyCount "64"]
[EventDate "2013.??.??"]
[EventType "swiss"]
[EventRounds "7"]
[EventCountry "DEN"]

1. d4 Nf6 2. c4 e6 3. Nc3 Bb4 4. Qc2 Nc6 5. Nf3 d5 6. cxd5 exd5 7. Bf4 O-O 8.
e3 a6 9. Bd3 Ne7 10. O-O Ng6 11. Bg5 c6 12. Ne2 Bg4 13. Ne5 Bxe2 14. Qxe2 Re8
15. Ng4 Be7 16. Bxf6 Bxf6 17. Nxf6+ Qxf6 18. Bxg6 Qxg6 19. Qd2 h5 20. Qb4 h4
21. h3 Rab8 22. a4 Qg5 23. Qd6 a5 24. Rab1 Qe7 25. Qxe7 Rxe7 26. b4 axb4 27.
Rxb4 Ra8 28. Rfb1 Ra7 29. Kf1 f5 30. Ke2 Kf7 31. Kf3 Kf6 32. Rb6 Rxa4 1/2-1/2

[Event "Bronshoj Lang Weekend 2013"]
[Site "Bronshoj"]
[Date "2013.02.11"]
[Round "7"]
[White "Yssing, Klaus"]
[Black "Pedersen, Jan Nordenbaek"]
[Result "1/2-1/2"]
[WhiteElo "1914"]
[BlackElo "2263"]
[PlyCount "49"]
[EventDate "2013.??.??"]
[EventType "swiss"]
[EventRounds "7"]
[EventCountry "DEN"]

1. e4 e5 2. Nf3 Nf6 3. Nxe5 d6 4. Nf3 Nxe4 5. d3 Nf6 6. Be2 d5 7. O-O Bd6 8.
Bg5 c6 9. c4 d4 10. Nbd2 O-O 11. Ne4 Be7 12. Nxf6+ Bxf6 13. Bxf6 Qxf6 14. Re1
a5 15. Nd2 Bf5 16. Ne4 Bxe4 17. dxe4 Nd7 18. g3 Rfe8 19. Bd3 Nc5 20. f4 Rad8
21. Qf3 Qh6 22. Rad1 Re6 23. Re2 Qh3 24. Red2 Qh6 25. e5 1/2-1/2

[Event "Bronshoj Lang Weekend 2013"]
[Site "Bronshoj"]
[Date "2013.02.11"]
[Round "7"]
[White "Nielsen, Morten Majlund"]
[Black "Nohr, Finn"]
[Result "1/2-1/2"]
[WhiteElo "1889"]
[BlackElo "2054"]
[PlyCount "54"]
[EventDate "2013.??.??"]
[EventType "swiss"]
[EventRounds "7"]
[EventCountry "DEN"]

1. d4 d5 2. c4 c6 3. Nf3 Nf6 4. Nc3 e6 5. cxd5 exd5 6. Bg5 Be7 7. e3 O-O 8. Bd3
Re8 9. O-O Nbd7 10. Rc1 Ne4 11. Bxe7 Qxe7 12. a3 a5 13. Nd2 f5 14. Na4 b5 15.
Nc3 a4 16. Na2 Bb7 17. Nb4 Rec8 18. Nf3 Nb6 19. Ne5 Nc4 20. Bxc4 dxc4 21. Qh5
c5 22. Nc2 Rf8 23. f4 Ra6 24. dxc5 Rh6 25. Qe2 Qh4 26. Nf3 Qe7 27. Ne5 Qh4
1/2-1/2

[Event "Bronshoj Lang Weekend 2013"]
[Site "Bronshoj"]
[Date "2013.02.11"]
[Round "7"]
[White "Danielsson, Dominik"]
[Black "Stolberg Rohr, Thomine"]
[Result "0-1"]
[WhiteElo "1895"]
[BlackElo "2025"]
[PlyCount "62"]
[EventDate "2013.??.??"]
[EventType "swiss"]
[EventRounds "7"]
[EventCountry "DEN"]

1. e4 e5 2. Nf3 Nc6 3. Nc3 Nf6 4. a3 Bc5 5. Nxe5 Nxe5 6. d4 Bd6 7. f4 Ng6 8. e5
Qe7 9. Be2 O-O 10. exd6 Qxd6 11. O-O a6 12. f5 Ne7 13. Bg5 Nc6 14. d5 Ne5 15.
Kh1 b5 16. Qd4 c5 17. Qh4 Bb7 18. Qg3 Rae8 19. Bh6 Nh5 20. Bxh5 Qxh6 21. f6 g6
22. Be2 b4 23. Na4 d6 24. Nb6 Rd8 25. Rf4 Rfe8 26. Rh4 Qd2 27. Qh3 Nd3 28. Qxd3
Qxe2 29. Qg3 Re3 30. Qf4 Qe1+ 31. Qf1 Qxh4 0-1

[Event "Bronshoj Lang Weekend 2013"]
[Site "Bronshoj"]
[Date "2013.02.11"]
[Round "7"]
[White "Eddy, Samuel"]
[Black "Jacobsen, Mads Holger Bang"]
[Result "1/2-1/2"]
[WhiteElo "2009"]
[BlackElo "2007"]
[PlyCount "20"]
[EventDate "2013.??.??"]
[EventType "swiss"]
[EventRounds "7"]
[EventCountry "DEN"]

1. d4 d5 2. c4 c6 3. Nf3 Nf6 4. Nc3 a6 5. c5 Nbd7 6. Bf4 Nh5 7. Bg3 Nxg3 8.
hxg3 e5 9. e3 g6 10. Be2 Bg7 1/2-1/2

[Event "Bronshoj Lang Weekend 2013"]
[Site "Bronshoj"]
[Date "2013.02.11"]
[Round "7"]
[White "Olsen, Michael Richard W"]
[Black "Kirknel, Thomas"]
[Result "1/2-1/2"]
[WhiteElo "1896"]
[BlackElo "2111"]
[PlyCount "46"]
[EventDate "2013.??.??"]
[EventType "swiss"]
[EventRounds "7"]
[EventCountry "DEN"]

1. Nf3 c5 2. g3 Nc6 3. Bg2 d5 4. d4 Nf6 5. O-O e6 6. Nc3 Bd6 7. Nb5 Be7 8. Bf4
O-O 9. Ne5 Qb6 10. c4 Nxd4 11. Nxd4 cxd4 12. b3 dxc4 13. bxc4 Rd8 14. a4 a5 15.
Rb1 Qa6 16. Rb5 Nd7 17. Qb1 Nxe5 18. Bxe5 Bb4 19. Qe4 Bd6 20. Bxd4 Bf8 21. Bb6
Bd7 22. Bxd8 Rxd8 23. Qxb7 Bxb5 1/2-1/2

[Event "Bronshoj Lang Weekend 2013"]
[Site "Bronshoj"]
[Date "2013.02.11"]
[Round "7"]
[White "Rosenkilde, Alexander"]
[Black "Petersen, Peter Birk"]
[Result "1/2-1/2"]
[WhiteElo "2242"]
[BlackElo "2121"]
[PlyCount "98"]
[EventDate "2013.??.??"]
[EventType "swiss"]
[EventRounds "7"]
[EventCountry "DEN"]

1. d4 g6 2. c4 Bg7 3. Nc3 d6 4. e4 e5 5. Nf3 exd4 6. Nxd4 Nc6 7. Be3 Nf6 8. Be2
O-O 9. O-O Re8 10. f3 a6 11. Qd2 Be6 12. Rfd1 Nxd4 13. Bxd4 Nd7 14. Rac1 Bxd4+
15. Qxd4 Qg5 16. g3 f5 17. f4 Qf6 18. Bf3 fxe4 19. Nxe4 Qxd4+ 20. Rxd4 Kg7 21.
b4 Re7 22. a3 Rae8 23. Ng5 b6 24. Nxe6+ Rxe6 25. Bg4 R6e7 26. Bxd7 Rxd7 27. c5
Re3 28. cxd6 cxd6 29. Rc6 Rxa3 30. Rxb6 d5 31. Kg2 Ra2+ 32. Kf3 Rxh2 33. Rxa6
Rb7 34. Rxd5 Rb2 35. b5 R2xb5 36. Rxb5 Rxb5 37. Ra7+ Kg8 38. g4 h6 39. Ke4 Rb8
40. Ke5 Rf8 41. f5 gxf5 42. gxf5 Rf7 43. Ra1 Rb7 44. Ra6 Kg7 45. Rg6+ Kf7 46.
Rxh6 Rb5+ 47. Kf4 Rb1 48. Rh7+ Kf6 49. Ra7 Rb4+ 1/2-1/2